01255nam a2200301Ia 4500001001200000003000800012006001900020007001500039008004100054020001800095020002600113040002100139035002100160050002600181100002700207245016900234260008400403300001100487490003700498533015200535650002700687650001200714655002900726710001700755830003800772856012600810999001700936ebr10666014CaPaEBRm u cr cn|||||||||130328s2012 gw s 000 0 eng d z9783631636633 z9783653024470 (ebook) aCaPaEBRcCaPaEBR a(OCoLC)82946065114aPN56.M536bZ86 2012eb1 aZunino-Garrido, Cinta.10aMimesis and the representation of experienceh[electronic resource] :bdramatic theory and practice in pre-Shakespearean comedy (1560-1590) /cCinta Zunino-Garrido. aFrankfurt :bPeter Lang GmbH, Internationaler Verlag der Wissenschaften,c2012. a270 p.1 aText, meaning, context ;vvol. 3 aElectronic reproduction.bPalo Alto, Calif. :cebrary,d2013.nAvailable via World Wide Web.nAccess may be limited to ebrary affiliated libraries. 0aMimeses in literature. 0aComedy. 7aElectronic books.2local2 aebrary, Inc. 0aText, meaning, context ;vvol. 3.40uhttp://site.ebrary.com/lib/rucke/Doc?id=10666014zAn electronic book accessible through the World Wide Web; click to view c61213d61213